| 000 | 00485nam a2200181Ia 4500 | ||
|---|---|---|---|
| 001 | 19226 | ||
| 005 | 20260306171728.0 | ||
| 008 | 260306s9999||||xx |||||||||||||| ||und|| | ||
| 041 | _aESP | ||
| 082 |
_a658.81 _bA78 |
||
| 100 |
_aArtal Castells, Manuel, _eAUT |
||
| 245 | 0 |
_aDirección de ventas : _borganización del departamento de ventas y gestión de vendedores |
|
| 260 | _c2016 | ||
| 300 |
_a554 páginas : _c |
||
| 650 | _aGEN | ||
| 654 | _aCAN | ||
| 942 |
_cLIB _dJUS _fJUS _2ddc _n |
||
| 999 |
_c19226 _d19226 |
||